Contabilidad científica superior, comercial e industrial (Record no. 79861)

MARC details
000 -LEADER
campo de control de longitud fija 00881nam a2200217 i 4500
001 - NÚMERO DE CONTROL
campo de control 79861
003 - IDENTIFICADOR DE NÚMERO DE CONTROL
campo de control ES-MaACL
005 - FECHA Y HORA DE LA ÚLTIMA TRANSACCIÓN
campo de control 20230906174052.0
007 - CAMPO FIJO DE DESCRIPCIÓN FÍSICA--INFORMACIÓN GENERAL
campo de control de longitud fija t|
008 - DATOS DE LONGITUD FIJA--INFORMACIÓN GENERAL
campo de control de longitud fija 041025s1949 ag ||||1| spa d
100 1# - ENTRADA PRINCIPAL--NOMBRE DE PERSONA
Nombre de persona Herrmann, Frederich.
9 (RLIN) 63372
245 10 - MENCIÓN DEL TÍTULO
Título Contabilidad científica superior, comercial e industrial
Resto del título : su interrelación con todas las ciencias puras ; traducción directa del portugués de Bernardino J. Rodríguez Casal.
250 ## - MENCION DE EDICION
Mención de edición 1ª ed. argentina.
260 ## - PUBLICACIÓN, DISTRIBUCIÓN, ETC.
Lugar de publicación, distribución, etc. Buenos Aires :
Nombre del editor, distribuidor, etc. [s.n.],
Fecha de publicación, distribución, etc. 1949 (
Fabricante Macagno y Landa)
300 ## - DESCRIPCIÓN FÍSICA
Extensión 339 p. ;
Dimensiones 23 cm.
490 1# - MENCIÓN DE SERIE
Mención de serie Enciclopedia de organización y administración comercial e industrial
700 1# - ENTRADA AGREGADA--NOMBRE PERSONAL
Nombre de persona Rodríguez Casal, Bernardino J.
9 (RLIN) 98412
830 0# - PUNTO DE ACCESO ADICIONAL DE SERIE-TÍTULO UNIFORME
Título uniforme Enciclopedia de organización y administración comercial e industrial
9 (RLIN) 231463
852 ## - LOCALIZACIÓN
Ubicación ES-MaACL
Número de control de estantería C-11497
Sublocalización o colección R.39615
Holdings
Estatus retirado Estado de pérdida Estado de daño No para préstamo Biblioteca de origen Biblioteca actual Ubicación en estantería Fecha de adquisición Fuente de adquisición Total de préstamos Signatura topográfica completa Código de barras Visto por última vez Precio de reemplazo Tipo de ítem Koha
        Biblioteca del Ateneo de Madrid Biblioteca del Ateneo de Madrid Sala Palomar 17/01/2008     C-11497 1083506 23/02/2023 23/02/2023 Libro impreso